[Event "Aerosvit-2006"]
[Site "Foros"]
[Date "2006.06.24"]
[Round "7"]
[White "Areshchenko, Alexander"]
[Black "Volokitin, Andrei"]
[Result "1-0"]
[WhiteElo "2660"]
[BlackElo "2660"]
[PlyCount "99"]
[EventDate "2006.06.17"]

1. e4 {M.GOLUBEV: The "Najdorf" transposed into the Scheveningen. The struggle 
is complicated; White's chances are, possibly, a bit better. After 21...b4 
22.axb4 d5! Black had sufficient counterplay. But the inaccurate 24...Nxe4?! 
(correct was 24...Be7) led Volokitin into trouble. On the 49th move Black has 
blundered checkmate in two, but his position was objectively lost anyway. 1-0}
 c5 2. Nf3 d6 3. d4 cxd4 4. Nxd4 Nf6 5. Nc3 a6 6. Be3 e6 7. Be2 Qc7 8. f4
b5 9. Bf3 Bb7 10. a3 Nbd7 11. f5 e5 12. Nde2 Nb6 13. Bxb6 Qxb6 14. Qd3 g6 15.
O-O-O O-O-O 16. fxg6 hxg6 17. Kb1 Kb8 18. h4 Bc8 19. Rdf1 Be6 20. g4 Bc4 21.
Qd2 b4 22. axb4 d5 23. Qg5 Qd6 24. Bg2 Nxe4 25. Nxe4 dxe4 26. Qe3 Qxb4 27. Qxe4
Bc5 28. Qxe5+ Bd6 29. Qe4 Rhe8 30. Qa8+ Kc7 31. Qc6+ Kb8 32. Nc3 Be5 33. Na4
Bxb2 34. Nxb2 Bxf1 35. Rxf1 Re1+ 36. Rxe1 Qxe1+ 37. Ka2 Qa5+ 38. Na4 Qb5 39.
Qe4 Rd1 40. Qf4+ Kc8 41. Nc3 Qa5+ 42. Kb3 Qb6+ 43. Kc4 a5 44. Nb5 Rb1 45. Nd6+
Kd7 46. Ne4 Qb5+ 47. Kc3 Qb4+ 48. Kd3 Qb5+ 49. Kd2 Ke7 50. Qd6+ 1-0

[Event "Aerosvit-2006"]
[Site "Foros"]
[Date "2006.06.24"]
[Round "7"]
[White "Shirov, Alexei"]
[Black "Bologan, Viktor"]
[Result "1/2-1/2"]
[WhiteElo "2699"]
[BlackElo "2666"]
[PlyCount "145"]
[EventDate "2006.06.17"]

1. e4 {M.GOLUBEV: The Caro-Kann, Advanced Variation. On the 9th move Shirov 
deviated from the game Rublevsky-Bologan, Sochi 2005 by 9.dex5 (instead 9.Nxe5). 
By his 12th move Bologan sacrificed the knight for an initiative. At the first 
glance after the piece sacrifice Black is at least not force. Shirov's 18.cxb4? 
was wrong (necessary was 18.Nf1!). He certainly missed or underestimated 
19...Nd3+!. Later Bologan played 21...Qe5+? (instead of the winning 21...Rxh2!) 
and the position became unclear again, even if Shirov had not so much time 
in reserve. After the long fight in the ending, everything has ended in a draw. 
0.5.-0.5}
 c6 2. d4 d5 3. e5 Bf5 4. Be3 e6 5. Nd2 Nd7 6. Be2 f6 7. Ngf3 Qc7 8. Bf4
fxe5 9. dxe5 Ne7 10. h4 Ng6 11. Bh2 O-O-O 12. Ng5 Ndxe5 13. g4 h6 14. gxf5 hxg5
15. fxg6 Rxh4 16. Bf3 Bb4 17. c3 Rdh8 18. cxb4 Rxh2 19. Rxh2 Nd3+ 20. Ke2 Nf4+
21. Ke1 Qe5+ 22. Qe2 Qxe2+ 23. Bxe2 Rxh2 24. Nf3 Rh5 25. Ne5 Rh1+ 26. Bf1 Kd8
27. Nf7+ Ke7 28. Nxg5 Kf6 29. Nf3 Nd3+ 30. Ke2 Nxb2 31. Nd2 Na4 32. Kf3 e5 33.
Kg3 Rg1+ 34. Kh2 Rg4 35. a3 Rxg6 36. f3 Ke7 37. Bd3 Rh6+ 38. Kg3 Kd6 39. Nf1
Nb2 40. Be2 Rh1 41. Kg2 Rh4 42. Ne3 g6 43. Ng4 b5 44. Ra2 Na4 45. Rc2 Nb6 46.
Rc1 Nd7 47. Kg3 Rh8 48. Bd3 g5 49. Re1 Ke6 50. Rc1 Kd6 51. Re1 Ke6 52. Bc2 a6
53. Bd3 Rh4 54. Rc1 Kd6 55. Re1 Ke6 56. a4 e4 57. axb5 axb5 58. Be2 Nf6 59.
fxe4 Nxe4+ 60. Kg2 Kd6 61. Ra1 Rh8 62. Ra6 Nc3 63. Bd3 Re8 64. Ra7 Ne2 65. Kf3
Nd4+ 66. Kf2 Rf8+ 67. Ke3 Ne6 68. Nh6 d4+ 69. Kd2 Ke5 70. Re7 Kd6 71. Ra7 Ke5
72. Ng4+ Kd6 73. Nh6 1/2-1/2

[Event "Aerosvit-2006"]
[Site "Foros"]
[Date "2006.06.24"]
[Round "7"]
[White "Rublevsky, Sergei"]
[Black "Harikrishna, P.."]
[Result "1-0"]
[WhiteElo "2687"]
[BlackElo "2680"]
[PlyCount "55"]
[EventDate "2006.06.17"]

1. e4 {M.GOLUBEV: The Sicilian with 3.Bb5+ is one of the Rublevsky's 
specialities. 3...Nd7 4.0-0 Ngf6 5.Re1 and now 5...e5 is a rare line for Black. 
It hardly can promise him a full equality. Black's 16...Bf8 17.Bxf8 Qxf8? 
was not a good idea. As it seems, Harikrishna overlooked a queen sacrifice 
21.Rxb7! after what White's advantage became decisive. 1-0}
 c5 2. Nf3 d6 3. Bb5+ Nd7 4. O-O Ngf6 5. Re1 e5 6. c3 Be7 7. d4 O-O 8. h3
a6 9. Bf1 b5 10. d5 Ne8 11. a4 Rb8 12. b3 Nc7 13. Na3 Kh8 14. Nc2 g6 15. Bh6
Rg8 16. Ne3 Bf8 17. Bxf8 Qxf8 18. axb5 axb5 19. Ra7 Bb7 20. Qa1 Ra8 21. Rxb7
Rxa1 22. Rxa1 c4 23. Rxc7 cxb3 24. Rxd7 Qc8 25. Rxf7 Rg7 26. Rxg7 Kxg7 27. c4
bxc4 28. Nxc4 1-0

[Event "Aerosvit-2006"]
[Site "Foros"]
[Date "2006.06.24"]
[Round "7"]
[White "Grischuk, Alexander"]
[Black "Ponomariov, Ruslan"]
[Result "1/2-1/2"]
[WhiteElo "2719"]
[BlackElo "2738"]
[PlyCount "37"]
[EventDate "2006.06.17"]

1. e4 {M.GOLUBEV: In the Sicilian Rauzer, Ponomariov made an extremely rare move 
14...Bc5!? (instead of the well-researched 14...Nd7). This continuation recently 
was tried by Black in the game Bologan-Kotronias, Turin Olympiad 2006. Grischuk 
saw the Kotronias game, but he did not analyze this line deeply. Instead of the 
principled 15.Qh4 (how Bologan played), Grischuk opted for 15.Qf4 Nd7 16.Ne4 Qa4 
17.Nc3, urging Black to repeat the position by 17...Qa5. 0.5-0.5}
 c5 2. Nf3 d6 3. d4 cxd4 4. Nxd4 Nf6 5. Nc3 Nc6 6. Bg5 e6 7. Qd2 Be7 8.
O-O-O Nxd4 9. Qxd4 O-O 10. f4 Qa5 11. Bc4 Bd7 12. e5 dxe5 13. fxe5 Bc6 14. Bd2
Bc5 15. Qf4 Nd7 16. Ne4 Qa4 17. Nc3 Qa5 18. Ne4 Qa4 19. Nc3 1/2-1/2

[Event "Aerosvit-2006"]
[Site "Foros"]
[Date "2006.06.25"]
[Round "8"]
[White "Rublevsky, Sergei"]
[Black "Shirov, Alexei"]
[Result "1/2-1/2"]
[WhiteElo "2687"]
[BlackElo "2699"]
[PlyCount "38"]
[EventDate "2006.06.17"]

1. e4 {M.GOLUBEV: The Petroff Defence. Shirov's 12...Qh4 13.g3 Qg4 is new. 
Rublevsky refused to accept the sacrifice of pawn(s). The endgame should be 
acceptable for Black. 0.5 - 0.5} 
e5 2. Nf3 Nf6 3. d4 Nxe4 4. Bd3 d5 5. Nxe5 Nd7 6. Nxd7 Bxd7 7. O-O Bd6 8.
Nc3 Nxc3 9. bxc3 O-O 10. Qh5 f5 11. Re1 Qf6 12. Qf3 Qh4 13. g3 Qg4 14. Qxg4
fxg4 15. c4 dxc4 16. Bxc4+ Kh8 17. Bd5 Rae8 18. Rxe8 Rxe8 19. Be3 b5 1/2-1/2

[Event "Aerosvit-2006"]
[Site "Foros"]
[Date "2006.06.25"]
[Round "8"]
[White "Bologan, Viktor"]
[Black "Areshchenko, Alexander"]
[Result "1/2-1/2"]
[WhiteElo "2666"]
[BlackElo "2660"]
[PlyCount "173"]
[EventDate "2006.06.17"]

1. d4 {M.GOLUBEV: One of the known variations of the Gruenfeld Defence. (This 
opening appears in the Foros games for the first time, as well as Alekhine's 
Defence). A novelty 15...h6!? led to a complicated fight with mutual chances. 
After 25.Rxf4 White's advantage became undisputable: a possible improvement for 
Black can be found earlier. Areshchenko resisted for a long time. Finally, his 
efforts were paid, he saved half a point. 0.5 - 0.5}
 Nf6 2. c4 g6 3. Nc3 d5 4. Nf3 Bg7 5. Qb3 dxc4 6. Qxc4 O-O 7. e4 Na6 8.
Be2 c5 9. d5 e6 10. O-O exd5 11. exd5 Bf5 12. Be3 Qb6 13. Nh4 Bd7 14. a3 Rfe8
15. Rab1 h6 16. h3 g5 17. Nf3 Qd6 18. Nd2 Rab8 19. Nde4 Nxe4 20. Nxe4 Qe7 21.
Ng3 Be5 22. f4 b5 23. Qc1 gxf4 24. Bxf4 Bxf4 25. Rxf4 Qe3+ 26. Kh2 Qxc1 27.
Rxc1 Re5 28. Rcf1 f5 29. Bd3 Nc7 30. Bxf5 Bxf5 31. Nxf5 Nxd5 32. Nxh6+ Kg7 33.
Nf5+ Kf6 34. R4f2 Ke6 35. g4 b4 36. axb4 Nxb4 37. Rd2 Rb6 38. Ng7+ Ke7 39. Rf5
Nc6 40. Rdf2 Rxf5 41. Nxf5+ Ke6 42. Ng7+ Kd5 43. g5 Ne5 44. Nh5 Ng6 45. Nf6+
Kd4 46. Kg3 Rb3+ 47. Kg4 Ne5+ 48. Kf5 Nf3 49. Ne4 Re3 50. Kf4 Ne5 51. Rd2+ Nd3+
52. Rxd3+ Kxd3 53. Nxc5+ Kd4 54. h4 Rh3 55. Kg4 Rh1 56. Nd7 Ke4 57. Nc5+ Ke5
58. Nd3+ Ke6 59. h5 Rg1+ 60. Kf4 Kf7 61. Kf5 Rf1+ 62. Nf4 Kg7 63. b4 a5 64.
bxa5 Ra1 65. Ne6+ Kg8 66. h6 Rxa5+ 67. Kg6 Ra6 68. Kf5 Ra1 69. Kf6 Rf1+ 70. Kg6
Ra1 71. Nc5 Ra5 72. Ne4 Ra1 73. Nf6+ Kh8 74. Ne8 Ra6+ 75. Nf6 Ra5 76. Nd7 Ra6+
77. Kh5 Ra5 78. Nf8 Rf5 79. Ne6 Kh7 80. Ng7 Ra5 81. Ne8 Re5 82. Nf6+ Kh8 83.
Ng4 Ra5 84. Kg6 Ra6+ 85. Nf6 Ra5 86. Ne8 Ra6+ 87. Nf6 1/2-1/2

[Event "Aerosvit-2006"]
[Site "Foros"]
[Date "2006.06.25"]
[Round "8"]
[White "Volokitin, Andrei"]
[Black "Ivanchuk, Vassily"]
[Result "0-1"]
[WhiteElo "2660"]
[BlackElo "2731"]
[PlyCount "102"]
[EventDate "2006.06.17"]

1. e4 {M.GOLUBEV: The Lviv derby. In the Alekhine's Defence, Volokitin made, as 
it seems, unnecessary move 7.h3. Ivanchuk at least equalized; White has problems 
with the weakened pawn structure on the queenside. Gradually Ivanchuk outplayed 
his opponent and converted his advantage into a full point. One more good 
technical victory of Ivanchuk in Foros. 0 - 1}
 Nf6 2. e5 Nd5 3. d4 d6 4. c4 Nb6 5. exd6 exd6 6. Nc3 Be7 7. h3 O-O 8. Nf3
Bf6 9. Be2 Be6 10. d5 Bxc3+ 11. bxc3 Bd7 12. O-O Na6 13. Bg5 f6 14. Be3 Nc5 15.
Re1 Re8 16. Bf1 Re7 17. Nd4 Qf8 18. Nb5 Bxb5 19. cxb5 Rae8 20. a4 f5 21. a5 f4
22. Bd2 Rxe1 23. Bxe1 Nbd7 24. f3 Qf6 25. Rc1 b6 26. axb6 axb6 27. Bf2 h6 28.
Bd4 Qg5 29. c4 Nf6 30. Ra1 Nh5 31. Ra7 Qe7 32. Qc2 Ng3 33. Ra1 Qg5 34. Kh2 Kf7
35. Kg1 Nd7 36. Kh2 Ne5 37. Bf2 Ng6 38. Bd3 Nh4 39. Ra7 Re7 40. Ra8 Ngf5 41.
Bf1 Ne3 42. Bxe3 fxe3 43. Qe2 Nf5 44. Ra2 Qf4+ 45. Kg1 Qd4 46. Kh2 Qe5+ 47. f4
Qxf4+ 48. Kg1 Ng3 49. Qd3 Re4 50. Be2 Rd4 51. Qb1 Rd2 0-1

[Event "Aerosvit-2006"]
[Site "Foros"]
[Date "2006.06.25"]
[Round "8"]
[White "Harikrishna, P.."]
[Black "Karjakin, Sergey"]
[Result "1/2-1/2"]
[WhiteElo "2680"]
[BlackElo "2661"]
[PlyCount "55"]
[EventDate "2006.06.17"]

1. e4 {M.GOLUBEV: The Sicilian Najdorf with 6.Be3 e5 7.Nb3. On the 21st move 
Karjakin introduced an important novelty 21...d5, and everything soon ended in 
a draw by the repetition of moves. After the end of the game Karjakin had more 
time in reserve than in the beginning! (He managed to accumulate some minutes). 
Instead of 21...d5 earlier Black tried 21...Ne5, but in the latest games he 
faced certain problems there after 22.h4 Ra5 23.Qb4! (23.Qc3? Qa8 24.Bg2 Nc7!! 
Karjakin-Anand, Wijk aan Zee 2006) 23...Qa8 24.Bb6 Ra4 25.Qxb3, and so on. 
0.5 - 0.5}
 c5 2. Nf3 d6 3. d4 cxd4 4. Nxd4 Nf6 5. Nc3 a6 6. Be3 e5 7. Nb3 Be6 8. f3
Be7 9. Qd2 O-O 10. O-O-O Nbd7 11. g4 b5 12. g5 b4 13. Ne2 Ne8 14. f4 a5 15. f5
a4 16. Nbd4 exd4 17. Nxd4 b3 18. Kb1 bxc2+ 19. Nxc2 Bb3 20. axb3 axb3 21. Na3
d5 22. Qxd5 Bxa3 23. Qxd7 Qa5 24. Qb5 Qc7 25. Qc4 Qa5 26. Qb5 Qc7 27. Qc4 Qa5
28. Qb5 1/2-1/2

[Event "Aerosvit-2006"]
[Site "Foros"]
[Date "2006.06.25"]
[Round "8"]
[White "Nisipeanu, Liviu-Dieter"]
[Black "Grischuk, Alexander"]
[Result "1-0"]
[WhiteElo "2695"]
[BlackElo "2719"]
[PlyCount "75"]
[EventDate "2006.06.17"]

1. e4 {M.GOLUBEV: The Fischer-Sozin Attack in the Sicilian Najdorf. It seems 
that Grischuk was not prepared to meet 9.Bxf6!?. His answer 9...Qxf6 seems to be
 dubious. Maybe after 11.f4 Black could try 11...gxf4. Grischuk played 11...Bg7 
 and after 12.e5! the White's advantage became obvious. A very good victory by 
 Nisipeanu: his move 22.Qf2! was especially impressive. 1 - 0}
 c5 2. Nf3 d6 3. d4 cxd4 4. Nxd4 Nf6 5. Nc3 a6 6. Bc4 e6 7. Bb3 Nbd7 8.
Bg5 h6 9. Bxf6 Qxf6 10. O-O g5 11. f4 Bg7 12. e5 dxe5 13. f5 e4 14. Nce2 exf5
15. Rxf5 Qb6 16. Rxf7 Bf6 17. Qd2 Ne5 18. Rxf6 Qxf6 19. Rf1 Qb6 20. Nc3 Nc6 21.
Bf7+ Kd8 22. Qf2 Qxd4 23. Rd1 Qxd1+ 24. Nxd1 Ke7 25. Ne3 Be6 26. Bxe6 Kxe6 27.
Qf5+ Ke7 28. Qxe4+ Kd6 29. Qd3+ Ke6 30. Qg6+ Kd7 31. Nc4 Rad8 32. Qd6+ Ke8 33.
Qe6+ Kf8 34. Qf6+ Kg8 35. Qg6+ Kf8 36. h3 Rg8 37. Qf6+ Ke8 38. Nd6+ 1-0

[Event "Aerosvit-2006"]
[Site "Foros"]
[Date "2006.06.26"]
[Round "9"]
[White "Grischuk, Alexander"]
[Black "Volokitin, Andrei"]
[Result "1-0"]
[WhiteElo "2719"]
[BlackElo "2660"]
[PlyCount "122"]
[EventDate "2006.06.17"]

1. e4 {M.GOLUBEV: A long theoretical line of the Petroff Defence, which was 
especially popular in 2005. On the 18th move Volokitin deviated from the game 
Grischuk - Nielsen, Monaco 2006 and obtained, as it seems, an acceptable 
position. Still, White's chances are a bit better. Àfter 31.Nf4! Black's defense 
became difficult. It was the third Volokitin's loss in the row. 1 - 0}
 e5 2. Nf3 Nf6 3. Nxe5 d6 4. Nf3 Nxe4 5. d4 d5 6. Bd3 Nc6 7. O-O Be7 8. c4
Nb4 9. Be2 O-O 10. Nc3 Bf5 11. a3 Nxc3 12. bxc3 Nc6 13. Re1 Re8 14. cxd5 Qxd5
15. Bf4 Rac8 16. h3 Be4 17. Qa4 Qf5 18. Bg3 Bc2 19. Qb5 Qxb5 20. Bxb5 a6 21.
Bxc6 bxc6 22. Ra2 Ba4 23. c4 Bb3 24. Rae2 Kf8 25. c5 Bd5 26. Ne5 Rcd8 27. Re3
a5 28. h4 f6 29. Nd3 Bf7 30. Bxc7 Rxd4 31. Nf4 a4 32. Ne6+ Bxe6 33. Rxe6 f5 34.
Bd6 Re4 35. R1xe4 fxe4 36. Bxe7+ Rxe7 37. Rxc6 e3 38. Rc8+ Kf7 39. Kf1 exf2 40.
c6 Ke6 41. Kxf2 Kd6 42. c7 g6 43. g3 Kc6 44. Kf3 Rf7+ 45. Ke4 Re7+ 46. Kd4 Rf7
47. Ra8 Rxc7 48. Rxa4 Kd6 49. Rc4 Rf7 50. Rc3 Rf1 51. Kc4 g5 52. hxg5 Rf5 53.
Kb4 Rxg5 54. a4 h5 55. a5 Rg4+ 56. Kb5 h4 57. gxh4 Rxh4 58. a6 Rh1 59. a7 Rb1+
60. Ka4 Ra1+ 61. Ra3 Ke6 1-0

[Event "Aerosvit-2006"]
[Site "Foros"]
[Date "2006.06.27"]
[Round "10"]
[White "Nisipeanu, Liviu-Dieter"]
[Black "Karjakin, Sergey"]
[Result "1/2-1/2"]
[WhiteElo "2695"]
[BlackElo "2661"]
[PlyCount "46"]
[EventDate "2006.06.17"]

1. e4 {M.GOLUBEV: The Fischer Attack in the Sicilian. Nisipeanu followed the
game Christiansen-Wojtkiewicz, USA Ch. After Karjakin's novelty 14...Kf7!? the
game quickly ended in a logical draw by perpetual check. Both opponents found
this line in their home preparations. 0.5 - 0.5} 1... c5 2. Nf3 d6 3. d4 cxd4
4. Nxd4 Nf6 5. Nc3 a6 6. Bc4 e6 7. Bb3 b5 8. Bg5 Be7 9. Qf3 Qc7 10. O-O-O Nbd7
11. e5 Bb7 12. Qg3 Nxe5 13. Bxe6 fxe6 14. f4 Kf7 15. fxe5 dxe5 16. Nxe6 Kxe6
17. Qh3+ Kf7 18. Bxf6 gxf6 19. Rd7 Qc6 20. Rhd1 Rad8 21. Qh5+ Ke6 22. Qh3+ Kf7
23. Qh5+ Ke6 1/2-1/2

[Event "Aerosvit-2006"]
[Site "Foros"]
[Date "2006.06.27"]
[Round "10"]
[White "Harikrishna, P."]
[Black "Ponomariov, Ruslan"]
[Result "1/2-1/2"]
[WhiteElo "2680"]
[BlackElo "2738"]
[PlyCount "72"]
[EventDate "2006.06.17"]

1. d4 {M.GOLUBEV: The Queen's Gambit Declined. After the Ponomariov's 21...Qc8
chances are approximately equal. Rather a calm draw. On the 18th move
acceptable for Black would have been 18.e4 Bxc4 19.Rxd8 Rfxd8 20.Rd1 Bb5!
(Ponomariov) with sufficient compensation for the queen. 0.5 - 0.5} 1... d5 2.
c4 e6 3. Nc3 Be7 4. Nf3 Nf6 5. Bg5 h6 6. Bh4 O-O 7. e3 b6 8. Bd3 Bb7 9. O-O
Nbd7 10. Qe2 Ne4 11. Bg3 Ndf6 12. Rad1 Nxc3 13. bxc3 dxc4 14. Bxc4 Ne4 15. Qc2
Nxg3 16. hxg3 c5 17. d5 Bxd5 18. Bxd5 exd5 19. e4 d4 20. cxd4 cxd4 21. Nxd4 Qc8
22. Qe2 Re8 23. Nf5 Bf8 24. Nd6 Bxd6 25. Rxd6 Qb7 26. Rd4 Rad8 27. Rfd1 Rxd4
28. Rxd4 Qc6 29. Qc4 Qxc4 30. Rxc4 Rd8 31. a4 Rd1+ 32. Kh2 a5 33. e5 Rb1 34. f4
Rb4 35. Rc8+ Kh7 36. Rc6 g6 1/2-1/2

[Event "Aerosvit-2006"]
[Site "Foros"]
[Date "2006.06.28"]
[Round "11"]
[White "Karjakin, Sergey"]
[Black "Volokitin, Andrei"]
[Result "1-0"]
[WhiteElo "2661"]
[BlackElo "2660"]
[PlyCount "143"]
[EventDate "2006.06.17"]

1. e4 {M.GOLUBEV: A classical main line of the Ruy Lopez; Black played 9...Nd7 
(sometimes called the Karpov Variation). Instead of the most common 15...Ba6, 
Volokitin sacrificed a pawn by 15...c6!?. His 19th move (19...Rd8) is 
a sensible novelty. Black obtained a more active position. It is hard to judge, 
however, whether the compensation for the pawn is fully sufficient - White has 
no weaknesses. After 29.Qxc5 White's advantage became obvious. (Probably Black 
could play stronger before: e.g. 26...Qa6, 24...Be7, 23...Bh6.) In desperation, 
Volokitin sacrificed a rook: 29...Rd1!?. Soon, White returned a rook, obtaining 
the queen endgame with a "healthy" extra pawn. 36.Rd2! was an important move. 
(Instead, 36.Ke4? fails to 36...Qh1+!). Finally, Karjakin achieved his first 
victory! 1 - 0}
 e5 2. Nf3 Nc6 3. Bb5 a6 4. Ba4 Nf6 5. O-O Be7 6. Re1 b5 7. Bb3 d6 8. c3
O-O 9. h3 Nd7 10. d4 Bf6 11. a4 Bb7 12. d5 Ne7 13. axb5 axb5 14. Rxa8 Qxa8 15.
Na3 c6 16. dxc6 Bxc6 17. Qxd6 Nc8 18. Qd1 Nc5 19. Bc2 Rd8 20. Qe2 Nd6 21. Nd2
Bg5 22. Nab1 Qa2 23. g3 h6 24. h4 Bxd2 25. Nxd2 Nc4 26. Bb1 Qa1 27. Nxc4 bxc4
28. Qxc4 Qxb1 29. Qxc5 Rd1 30. Rxd1 Qxe4 31. Rd8+ Kh7 32. Kf1 Qh1+ 33. Ke2 Bf3+
34. Ke3 Bg4 35. Qxe5 Qxc1+ 36. Rd2 Qe1+ 37. Kf4 Qxd2+ 38. Kxg4 Qxb2 39. Kf3 Qa1
40. Qe4+ g6 41. c4 Qh1+ 42. Kf4 Qc1+ 43. Ke5 Qb2+ 44. Qd4 Qb8+ 45. Ke4 Qb7+ 46.
Qd5 Qb1+ 47. Kf3 Qb3+ 48. Kg2 Kg8 49. Qd8+ Kh7 50. Qd4 h5 51. Qe4 Qb4 52. Qd5
Kg8 53. c5 Qb5 54. Kf3 Qf1 55. Qd8+ Kh7 56. Qd4 Qh1+ 57. Kf4 Qc6 58. Qd6 Qg2
59. Ke3 Qh1 60. c6 Qe1+ 61. Kf3 Qh1+ 62. Ke2 Qe4+ 63. Kd2 Qf3 64. Qc5 Qb3 65.
c7 Qa2+ 66. Kc3 Qa1+ 67. Kb4 Qb2+ 68. Ka5 Qa2+ 69. Kb6 Qb3+ 70. Qb5 Qe6+ 71.
Kb7 Qe7 72. Qb6 1-0